[Event "SRB-ch Central int"]
[Site "Dimitrovgrad"]
[Date "2023.08.22"]
[Round "4"]
[White "Tilicheev, Viacheslav"]
[Black "Srdanovic, Jovana"]
[Result "1-0"]
[WhiteElo "2489"]
[BlackElo "2090"]
[PlyCount "53"]
[EventDate "2023.08.20"]
[EventType "swiss"]
[EventRounds "9"]
[EventCountry "BUL"]
[SourceTitle "CBM 215 Extra"]
[Source "ChessBase"]
[SourceDate "2023.09.30"]
[SourceVersion "1"]
[SourceVersionDate "2023.09.30"]
[SourceQuality "1"]

1. d4 d5 2. c4 c6 3. Nf3 Nf6 4. e3 Bf5 5. Nc3 e6 6. Nh4 Be4 7. f3 Bg6 8. Qb3 Qc7 9. Bd2 Be7 10. Nxg6 hxg6 11. 0-0-0 dxc4 12. Bxc4 Nbd7 13. Be2 Nb6 14. f4 Nbd5 15. Bf3 a5 16. Kb1 Nxc3+ 17. bxc3 a4 18. Qc2 Nd5 19. Ka1 Nb6 20. c4 c5 21. d5 exd5 22. cxd5 c4 23. Bc3 0-0 24. h4 a3 25. h5 Na4 26. hxg6 Nxc3 27. gxf7+ 1-0

[Event "SRB-ch Central int"]
[Site "Dimitrovgrad"]
[Date "2023.08.20"]
[Round "1"]
[White "Manic, Dragan"]
[Black "Tilicheev, Viacheslav"]
[Result "0-1"]
[WhiteElo "1989"]
[BlackElo "2489"]
[PlyCount "58"]
[EventDate "2023.08.20"]
[EventType "swiss"]
[EventRounds "9"]
[EventCountry "BUL"]
[SourceTitle "CBM 215 Extra"]
[Source "ChessBase"]
[SourceDate "2023.09.30"]
[SourceVersion "1"]
[SourceVersionDate "2023.09.30"]
[SourceQuality "1"]

1. e4 c5 2. Nf3 Nc6 3. d4 cxd4 4. Nxd4 Nf6 5. Nc3 h5 6. h3 e5 7. Nb3 Bb4 8. Bd3 d6 9. Bd2 Be6 10. a3 Bxc3 11. bxc3 Nd7 12. Qe2 Rc8 13. Rd1 Na5 14. Nxa5 Qxa5 15. 0-0 a6 16. f4 exf4 17. Rxf4 Qxa3 18. Rdf1 Ne5 19. Rh4 Qc5+ 20. Kh1 Ng6 21. Rf5 Bxf5 22. exf5+ Ne5 23. Rc4 Qxc4 24. Bxc4 Rxc4 25. Qf2 Kd7 26. Qa7 Kc7 27. Be3 Nd7 28. Bf2 Rc5 29. Bxc5 dxc5 0-1

[Event "TUR-chT 2nd League"]
[Site "Denizli"]
[Date "2023.07.12"]
[Round "6.21"]
[White "Mastrovasilis, Athanasios"]
[Black "Tilicheev, Viacheslav"]
[Result "1/2-1/2"]
[WhiteElo "2506"]
[BlackElo "2496"]
[PlyCount "153"]
[EventDate "2023.07.09"]
[EventType "team-swiss"]
[EventRounds "9"]
[EventCountry "TUR"]
[SourceTitle "CBM 215 Extra"]
[Source "ChessBase"]
[SourceDate "2023.09.30"]
[SourceVersion "1"]
[SourceVersionDate "2023.09.30"]
[SourceQuality "1"]
[WhiteTeam "Galva Metal"]
[BlackTeam "Moda"]
[WhiteTeamCountry "TUR"]
[BlackTeamCountry "TUR"]

1. d4 Nf6 2. c4 e6 3. Nc3 Bb4 4. e3 0-0 5. Bd3 c5 6. Nf3 Nc6 7. 0-0 Bxc3 8. bxc3 d6 9. e4 e5 10. h3 h6 11. d5 Ne7 12. Nh4 g5 13. Nf5 Nxf5 14. exf5 e4 15. Bc2 Bxf5 16. h4 Nd7 17. Qh5 Qf6 18. Rb1 b6 19. hxg5 Qg6 20. Qxg6+ Bxg6 21. gxh6 Ne5 22. Bf4 Nxc4 23. Rbe1 Rae8 24. Ba4 Rd8 25. Bb5 Ne5 26. Re3 f6 27. Rg3 Kh7 28. Re1 a6 29. Bxa6 Ra8 30. Bxe5 fxe5 31. Bc4 b5 32. Bxb5 Rxa2 33. Re2 Ra1+ 34. Kh2 Rf1 35. Ra2 R1xf2 36. Ra6 R2f6 37. Bd7 Bf7 38. c4 Rxh6+ 39. Kg1 Rf6 40. Ra7 Rg8 41. Rh3+ Kg6 42. Rg3+ Kh6 43. Rh3+ Kg5 44. Raa3 Rfg6 45. Rae3 Kf6 46. g4 Kg5 47. Rxe4 Rh6 48. Rxh6 Kxh6 49. Kf2 Kg5 50. Re3 Ra8 51. Rf3 Bg6 52. Kg3 Ra2 53. Rf8 Ra3+ 54. Kf2 Rc3 55. Rg8 Kh6 56. Bf5 Bxf5 57. gxf5 Rxc4 58. Rg6+ Kh5 59. Ke3 Rd4 60. Rxd6 Kg5 61. f6 Kg6 62. Re6 Kf7 63. Rxe5 Kxf6 64. Rh5 Ke7 65. Rg5 Kd6 66. Rf5 Kc7 67. Rf2 Rxd5 68. Rd2 Rh5 69. Kd3 Kc6 70. Kc3 Rd5 71. Rxd5 Kxd5 72. Kd3 c4+ 73. Kc3 Ke6 74. Kd4 c3 75. Kd3 c2 76. Kd2 c1Q+ 77. Kxc1 1/2-1/2

[Event "Ayvalik Menekse"]
[Site "Ayvalik"]
[Date "2023.06.17"]
[Round "10.3"]
[White "Tilicheev, Viacheslav"]
[Black "Sanal, Vahap"]
[Result "1/2-1/2"]
[WhiteElo "2504"]
[BlackElo "2600"]
[PlyCount "74"]
[EventDate "2023.06.08"]
[EventType "schev"]
[EventRounds "10"]
[EventCountry "TUR"]
[SourceTitle "CBM 214 Extra"]
[Source "ChessBase"]
[SourceDate "2023.07.31"]
[SourceVersion "1"]
[SourceVersionDate "2023.07.31"]
[SourceQuality "1"]
[WhiteTeam "Grandmaster"]
[BlackTeam "Master"]
[WhiteTeamCountry "TUR"]
[BlackTeamCountry "TUR"]

1. d4 d6 2. e4 Nf6 3. Nc3 e5 4. dxe5 dxe5 5. Qxd8+ Kxd8 6. Bc4 Ke8 7. Nf3 Bd6 8. Bg5 Nbd7 9. 0-0-0 h6 10. Bxf6 Nxf6 11. Nb5 Ke7 12. Nxd6 cxd6 13. Nd2 Ng4 14. Rdf1 Bd7 15. f4 Rac8 16. fxe5 Nxe5 17. Be2 Be6 18. Kb1 Rc5 19. Nf3 b5 20. Nd4 b4 21. Rd1 Rb8 22. Rd2 Ra5 23. b3 Rc5 24. Kb2 a5 25. a3 a4 26. axb4 Rxb4 27. Ra1 axb3 28. Ra7+ Kf6 29. cxb3 Nc6 30. Ra4 Rxd4 31. Raxd4 Nxd4 32. Rxd4 Ke5 33. Rd2 Rc6 34. Bd3 Kf4 35. Rf2+ Ke3 36. Rf3+ Kd4 37. Bc2 Rb6 1/2-1/2

[Event "Ayvalik Menekse"]
[Site "Ayvalik"]
[Date "2023.06.09"]
[Round "2.4"]
[White "Tilicheev, Viacheslav"]
[Black "Erdogmus, Yagiz Kaan"]
[Result "1/2-1/2"]
[WhiteElo "2504"]
[BlackElo "2470"]
[PlyCount "68"]
[EventDate "2023.06.08"]
[EventType "schev"]
[EventRounds "10"]
[EventCountry "TUR"]
[SourceTitle "CBM 214 Extra"]
[Source "ChessBase"]
[SourceDate "2023.07.31"]
[SourceVersion "1"]
[SourceVersionDate "2023.07.31"]
[SourceQuality "1"]
[WhiteTeam "Grandmaster"]
[BlackTeam "Master"]
[WhiteTeamCountry "TUR"]
[BlackTeamCountry "TUR"]

1. d4 Nf6 2. Nf3 e6 3. c4 d5 4. Nc3 c6 5. Qd3 dxc4 6. Qxc4 b5 7. Qd3 a6 8. g4 c5 9. g5 c4 10. Qe3 Nd5 11. Nxd5 Qxd5 12. Bg2 Bb7 13. h4 Bb4+ 14. Kf1 Qe4 15. Qxe4 Bxe4 16. h5 Nd7 17. h6 Bf8 18. Rh4 Bb7 19. hxg7 Bxg7 20. Bf4 Nf8 21. Be5 Rg8 22. a4 Ng6 23. Rxh7 Bxe5 24. Nxe5 Bxg2+ 25. Kxg2 Nxe5 26. dxe5 Rxg5+ 27. Kf3 Ke7 28. axb5 Rf5+ 29. Ke4 Rxf2 30. Ke3 Rf5 31. Rxa6 Rxe5+ 32. Kd4 Rxa6 33. bxa6 Ra5 34. Kxc4 Rxa6 1/2-1/2

[Event "Ayvalik Iris"]
[Site "Ayvalik"]
[Date "2023.05.12"]
[Round "9"]
[White "Akbas, Umut Ata"]
[Black "Tilicheev, Viacheslav"]
[Result "0-1"]
[WhiteElo "2417"]
[BlackElo "2504"]
[PlyCount "104"]
[EventDate "2023.05.07"]
[EventType "schev"]
[EventRounds "9"]
[EventCountry "TUR"]
[SourceTitle "CBM 214 Extra"]
[Source "ChessBase"]
[SourceDate "2023.07.31"]
[SourceVersion "1"]
[SourceVersionDate "2023.07.31"]
[SourceQuality "1"]
[WhiteTeam "Team D"]
[BlackTeam "Team A"]
[WhiteTeamCountry "TUR"]
[BlackTeamCountry "TUR"]

1. e4 c5 2. Nf3 Nc6 3. d4 cxd4 4. Nxd4 Nf6 5. Nc3 d6 6. Bg5 e6 7. Qd3 Bd7 8. 0-0-0 Nxd4 9. Qxd4 Qa5 10. f4 Rc8 11. e5 dxe5 12. fxe5 Rxc3 13. Bd2 Qxa2 14. Bxc3 g6 15. Kd2 Bc5 16. Qc4 Qxc4 17. Bxc4 Ne4+ 18. Ke2 Nxc3+ 19. bxc3 Bc6 20. Rhf1 Ke7 21. Rf6 Bb6 22. Rdf1 Rf8 23. Bxe6 Bxg2 24. R1f4 g5 25. Rg4 Bh3 26. Bf5 Bxg4+ 27. Bxg4 Bc7 28. Rf5 h6 29. h3 a5 30. Kd3 a4 31. Kc4 Ra8 32. Bh5 a3 33. Rxf7+ Ke6 34. Rf1 Bxe5 35. Bg4+ Ke7 36. Kb3 Ra6 37. Ka2 Bxc3 38. Rf3 Be5 39. Rxa3 Bd6 40. Rxa6 bxa6 41. Kb3 Kf6 42. Ka4 Bc7 43. c4 Ke5 44. c5 Kf4 45. Kb4 Kg3 46. Kc4 h5 47. Bxh5 Kxh3 48. Kd5 g4 49. Bxg4+ Kxg4 50. Kc6 Bd8 51. Kd7 Bg5 52. Kc6 a5 0-1

[Event "Ayvalik Kadife"]
[Site "Ayvalik"]
[Date "2023.04.20"]
[Round "8.2"]
[White "Yonal, Timur"]
[Black "Tilicheev, Viacheslav"]
[Result "0-1"]
[WhiteElo "2037"]
[BlackElo "2501"]
[PlyCount "86"]
[EventDate "2023.04.15"]
[EventType "schev"]
[EventRounds "9"]
[EventCountry "TUR"]
[SourceTitle "CBM 213 Extra"]
[Source "ChessBase"]
[SourceDate "2023.05.31"]
[SourceVersion "1"]
[SourceVersionDate "2023.05.31"]
[SourceQuality "1"]
[WhiteTeam "Team B"]
[BlackTeam "Team D"]
[WhiteTeamCountry "TUR"]
[BlackTeamCountry "TUR"]

1. e4 c5 2. Nf3 Nc6 3. Bb5 e6 4. 0-0 Nge7 5. Re1 a6 6. Bf1 b6 7. c3 d5 8. exd5 Nxd5 9. d4 cxd4 10. Nxd4 Bb7 11. Nxc6 Bxc6 12. Nd2 Be7 13. Ne4 0-0 14. Bd3 Ra7 15. Bc2 Re8 16. Qh5 g6 17. Qh3 f5 18. Bh6 Rd7 19. c4 Nb4 20. Qc3 Rd4 21. Ng3 Bc5 22. Be3 f4 23. Bxd4 Qxd4 24. Qxd4 Bxd4 25. Be4 fxg3 26. hxg3 Rf8 27. Bf3 Bxf3 28. gxf3 e5 29. Re2 Rxf3 30. Kg2 Rf8 31. Rd1 Nxa2 32. f3 Nb4 33. b3 a5 34. Re4 Na6 35. f4 Nc5 36. Ree1 Nxb3 37. fxe5 a4 38. Re4 a3 39. Re2 Rf2+ 40. Rxf2 Bxf2 41. e6 Bc5 42. Rd8+ Kg7 43. Rd7+ Kf6 0-1

[Event "Ayvalik Kadife"]
[Site "Ayvalik"]
[Date "2023.04.18"]
[Round "6.6"]
[White "Tilicheev, Viacheslav"]
[Black "Hakemi, Arman"]
[Result "1-0"]
[WhiteElo "2501"]
[BlackElo "2419"]
[PlyCount "53"]
[EventDate "2023.04.15"]
[EventType "schev"]
[EventRounds "9"]
[EventCountry "TUR"]
[SourceTitle "CBM 213 Extra"]
[Source "ChessBase"]
[SourceDate "2023.05.31"]
[SourceVersion "1"]
[SourceVersionDate "2023.05.31"]
[SourceQuality "1"]
[WhiteTeam "Team D"]
[BlackTeam "Team C"]
[WhiteTeamCountry "TUR"]
[BlackTeamCountry "TUR"]

1. e4 c5 2. Nf3 d6 3. d4 cxd4 4. Nxd4 Nf6 5. Nc3 a6 6. h4 e5 7. Nb3 Be6 8. f4 Qc7 9. f5 Bc8 10. g4 b5 11. a3 Bb7 12. Bg2 d5 13. Nxd5 Nxd5 14. exd5 Nd7 15. Rh3 Bd6 16. Rc3 Qd8 17. Bg5 f6 18. Be3 b4 19. Rc6 Bxc6 20. dxc6 Nb6 21. Na5 Qc7 22. Nb7 Nc4 23. Nxd6+ Nxd6 24. Qd5 0-0-0 25. axb4 Nb5 26. Qe6+ Kb8 27. Rxa6 1-0

[Event "Ayvalik Kadife"]
[Site "Ayvalik"]
[Date "2023.04.17"]
[Round "4.5"]
[White "Gokerkan, Cem Kaan"]
[Black "Tilicheev, Viacheslav"]
[Result "1/2-1/2"]
[WhiteElo "2489"]
[BlackElo "2501"]
[PlyCount "60"]
[EventDate "2023.04.15"]
[EventType "schev"]
[EventRounds "9"]
[EventCountry "TUR"]
[SourceTitle "CBM 213 Extra"]
[Source "ChessBase"]
[SourceDate "2023.05.31"]
[SourceVersion "1"]
[SourceVersionDate "2023.05.31"]
[SourceQuality "1"]
[WhiteTeam "Team A"]
[BlackTeam "Team D"]
[WhiteTeamCountry "TUN"]
[BlackTeamCountry "TUR"]

1. e4 c5 2. Nf3 d6 3. Bb5+ Bd7 4. Bxd7+ Qxd7 5. c4 Nf6 6. Nc3 g6 7. d4 cxd4 8. Nxd4 Bg7 9. f3 0-0 10. 0-0 Rc8 11. b3 d5 12. exd5 Nxd5 13. Nxd5 e6 14. Bh6 exd5 15. Bxg7 Kxg7 16. cxd5 Qxd5 17. Ne2 Qxd1 18. Rfxd1 Na6 19. Rd2 Rc7 20. Rad1 Rac8 21. Nd4 Rc1 22. Nb5 Rxd1+ 23. Rxd1 Rc2 24. Rd7 Rxa2 25. Rxb7 Nc5 26. Rxa7 Rxa7 27. Nxa7 Nxb3 28. Nb5 Nc5 29. Nc3 Ne6 30. Ne4 h5 1/2-1/2

[Event "Ayvalik Kadife"]
[Site "Ayvalik"]
[Date "2023.04.15"]
[Round "1.6"]
[White "Atakhan, Abtin"]
[Black "Tilicheev, Viacheslav"]
[Result "0-1"]
[WhiteElo "2410"]
[BlackElo "2501"]
[PlyCount "114"]
[EventDate "2023.04.15"]
[EventType "schev"]
[EventRounds "9"]
[EventCountry "TUR"]
[SourceTitle "CBM 213 Extra"]
[Source "ChessBase"]
[SourceDate "2023.05.31"]
[SourceVersion "1"]
[SourceVersionDate "2023.05.31"]
[SourceQuality "1"]
[WhiteTeam "Team C"]
[BlackTeam "Team D"]
[WhiteTeamCountry "TUR"]
[BlackTeamCountry "TUR"]

1. Nf3 Nf6 2. c4 g6 3. Nc3 Bg7 4. e4 d6 5. d4 0-0 6. Be2 e5 7. 0-0 h6 8. dxe5 dxe5 9. Be3 Nc6 10. Qc1 Nd4 11. Rd1 Ng4 12. Nxd4 exd4 13. Bxg4 Bxg4 14. f3 dxc3 15. Rxd8 cxb2 16. Qxb2 Bxb2 17. Rxa8 Rxa8 18. Rb1 Bf6 19. fxg4 b6 20. Kf2 Rd8 21. Rb3 Rd1 22. Ke2 Ra1 23. Ra3 a5 24. c5 Rb1 25. cxb6 cxb6 26. Kd3 Kg7 27. Rb3 Rxb3+ 28. axb3 b5 29. Bd2 a4 30. bxa4 bxa4 31. Kc4 a3 32. Kb3 Bb2 33. h4 h5 34. gxh5 gxh5 35. Bb4 Kf6 36. Bd6 Ke6 37. Bf4 Be5 38. Be3 Bd6 39. Bd4 f5 40. exf5+ Kxf5 41. Bf2 Kg4 42. Be1 Be7 43. Ka2 Kf4 44. Kb3 Ke3 45. Ka2 Bd6 46. Kb3 Bf8 47. g4 hxg4 48. h5 Ke4 49. Bh4 Kf5 50. Ka2 Ke6 51. Kb3 Kf7 52. Bg3 Kg7 53. Bf4 Kf6 54. Ka2 Kf5 55. Be3 g3 56. h6 Kg6 57. h7 Kxh7 0-1

[Event "Ayvalik Akasya"]
[Site "Ayvalik"]
[Date "2023.04.13"]
[Round "9"]
[White "Tilicheev, Viacheslav"]
[Black "Atakhan, Abtin"]
[Result "1/2-1/2"]
[WhiteElo "2501"]
[BlackElo "2410"]
[PlyCount "49"]
[EventDate "2023.04.08"]
[EventType "schev"]
[EventRounds "9"]
[EventCountry "TUR"]
[SourceTitle "CBM 213 Extra"]
[Source "ChessBase"]
[SourceDate "2023.05.31"]
[SourceVersion "1"]
[SourceVersionDate "2023.05.31"]
[SourceQuality "1"]
[WhiteTeam "Team D"]
[BlackTeam "Team A"]
[WhiteTeamCountry "TUR"]
[BlackTeamCountry "TUR"]

1. d4 d5 2. c4 c6 3. cxd5 cxd5 4. Nc3 Nf6 5. Nf3 Nc6 6. Bf4 Bf5 7. e3 e6 8. Bd3 Bxd3 9. Qxd3 Bd6 10. Bxd6 Qxd6 11. 0-0 0-0 12. h3 h6 13. Rfc1 Rfc8 14. Nd2 Nd7 15. a3 a6 16. Ne2 Ne7 17. Rxc8+ Rxc8 18. Rc1 Rxc1+ 19. Nxc1 Qc7 20. Ne2 Nf5 21. Qc3 Qxc3 22. Nxc3 Kf8 23. Kf1 Ke7 24. Ke2 Kd6 25. g4 1/2-1/2

[Event "Titled Tuesday intern op 28th Mar Late"]
[Site "Chess.com INT"]
[Date "2023.03.28"]
[Round "3"]
[White "Gonzalez, Francisco Silva"]
[Black "Tilicheev, Viacheslav"]
[Result "0-1"]
[WhiteElo "2021"]
[BlackElo "2501"]
[PlyCount "124"]
[EventDate "2023.03.28"]
[EventType "swiss (blitz)"]
[EventRounds "11"]
[EventCountry "USA"]
[SourceTitle "EXT 2024"]
[Source "ChessBase"]
[SourceDate "2023.10.10"]
[SourceVersion "1"]
[SourceVersionDate "2023.10.10"]
[SourceQuality "1"]

1. d4 Nf6 2. c4 c5 3. d5 b5 4. Nd2 e6 5. dxe6 fxe6 6. e4 Bb7 7. e5 Ne4 8. Ngf3 Be7 9. Bd3 Nxd2 10. Bxd2 bxc4 11. Bxc4 Nc6 12. Bc3 0-0 13. 0-0 Rb8 14. Re1 Qe8 15. Re3 Qh5 16. Qxd7 Kh8 17. Qxe6 Rbe8 18. Qh3 Qxh3 19. gxh3 Rxf3 20. Rxf3 Nxe5 21. Bxe5 Bxf3 22. Bf1 Bf6 23. Bc3 Bxc3 24. bxc3 Re6 25. Bd3 Rd6 26. Re1 Kg8 27. Bc4+ Kf8 28. Kf1 Rd2 29. Re3 Rd1+ 30. Re1 Bg2+ 31. Ke2 Bf3+ 32. Kf1 Bg2+ 33. Ke2 Rd6 34. h4 Rh6 35. Rg1 Rxh4 36. Rxg2 Rxc4 37. Kd3 Ra4 38. f3 Kf7 39. Rg5 Ra5 40. Rf5+ Ke6 41. Rf4 Rxa2 42. Rh4 h6 43. Re4+ Kd5 44. Re7 c4+ 45. Ke3 g5 46. Rd7+ Ke5 47. Rh7 Rxh2 48. Rb7 Rc2 49. Rxa7 Rxc3+ 50. Kf2 h5 51. Ra5+ Kf4 52. Ke2 Rxf3 53. Rc5 Re3+ 54. Kf2 Re4 55. Rc8 h4 56. Rh8 Kg4 57. Rc8 Rf4+ 58. Ke3 h3 59. Rh8 Kg3 60. Rh5 Rg4 61. Kd2 Kg2 62. Kc3 h2 0-1

[Event "Titled Tuesday intern op 28th Mar Late"]
[Site "Chess.com INT"]
[Date "2023.03.28"]
[Round "1"]
[White "Guzman Moneo, Alberto"]
[Black "Tilicheev, Viacheslav"]
[Result "0-1"]
[WhiteElo "2151"]
[BlackElo "2501"]
[PlyCount "54"]
[EventDate "2023.03.28"]
[EventType "swiss (blitz)"]
[EventRounds "11"]
[EventCountry "USA"]
[SourceTitle "EXT 2024"]
[Source "ChessBase"]
[SourceDate "2023.10.10"]
[SourceVersion "1"]
[SourceVersionDate "2023.10.10"]
[SourceQuality "1"]

1. Nf3 Nf6 2. g3 d5 3. Bg2 e6 4. 0-0 Be7 5. d3 0-0 6. b3 b6 7. Bb2 Bb7 8. Nbd2 Nbd7 9. c4 c5 10. e3 Rc8 11. Qe2 Qc7 12. Rac1 Qb8 13. d4 Rfd8 14. Rfd1 cxd4 15. Nxd4 dxc4 16. Nxc4 Bxg2 17. Kxg2 Nc5 18. Qf3 Nce4 19. h3 Ng5 20. Qf4 Qb7+ 21. f3 Nd5 22. Qe5 f6 23. Nxe6 fxe5 24. Nxd8 Rxd8 25. e4 b5 26. exd5 bxc4 27. Bxe5 Rxd5 0-1

[Event "Titled Tuesday intern op 28th Mar Late"]
[Site "Chess.com INT"]
[Date "2023.03.28"]
[Round "2"]
[White "Tilicheev, Viacheslav"]
[Black "Bochnicka, Vladimir1111"]
[Result "0-1"]
[WhiteElo "2501"]
[BlackElo "2309"]
[PlyCount "100"]
[EventDate "2023.03.28"]
[EventType "swiss (blitz)"]
[EventRounds "11"]
[EventCountry "USA"]
[SourceTitle "EXT 2024"]
[Source "ChessBase"]
[SourceDate "2023.10.10"]
[SourceVersion "1"]
[SourceVersionDate "2023.10.10"]
[SourceQuality "1"]

1. e4 c5 2. Nf3 Nc6 3. d4 cxd4 4. Nxd4 e5 5. Nb5 d6 6. N1c3 a6 7. Na3 Be7 8. Nc4 b5 9. Ne3 Nf6 10. g3 0-0 11. Bg2 Rb8 12. 0-0 b4 13. Ncd5 Nxd5 14. Nxd5 Bg5 15. f4 exf4 16. gxf4 Bf6 17. Be3 Na5 18. Nxf6+ Qxf6 19. Bd4 Qh6 20. Kh1 Nc6 21. Rg1 Nxd4 22. Qxd4 Qxf4 23. Rad1 Be6 24. Qxd6 Qxd6 25. Rxd6 a5 26. Bf1 Rfc8 27. Bd3 a4 28. b3 a3 29. Kg2 Kf8 30. Kf3 Ke7 31. Rd4 g6 32. Ke3 Rc5 33. h4 Rh5 34. Rg5 Rxh4 35. Rb5 Rxb5 36. Bxb5 Rh2 37. Bd3 h5 38. Rxb4 h4 39. e5 h3 40. Rb7+ Kf8 41. Be4 g5 42. Ra7 g4 43. Kf4 Rf2+ 44. Kg3 Re2 45. Bc6 Re3+ 46. Kf4 Rc3 47. Be4 g3 48. Kg5 g2 49. Kf6 g1Q 50. Ra8+ Rc8 0-1

[Event "Titled Tuesday intern op 28th Mar Late"]
[Site "Chess.com INT"]
[Date "2023.03.28"]
[Round "7"]
[White "Tilicheev, Viacheslav"]
[Black "Sjugirov, Sanan"]
[Result "0-1"]
[WhiteElo "2501"]
[BlackElo "2712"]
[PlyCount "76"]
[EventDate "2023.03.28"]
[EventType "swiss (blitz)"]
[EventRounds "11"]
[EventCountry "USA"]
[SourceTitle "EXT 2024"]
[Source "ChessBase"]
[SourceDate "2023.10.10"]
[SourceVersion "1"]
[SourceVersionDate "2023.10.10"]
[SourceQuality "1"]

1. e4 e5 2. Nf3 d6 3. d4 exd4 4. Nxd4 Nf6 5. Nc3 Be7 6. g3 0-0 7. Bg2 Re8 8. 0-0 Nbd7 9. h3 Bf8 10. a4 Nc5 11. Re1 a5 12. b3 c6 13. Bb2 Bd7 14. g4 h6 15. Nf5 Bxf5 16. gxf5 Qb6 17. Qf3 Rad8 18. Kh1 Ncd7 19. Rad1 Be7 20. Rg1 Ne5 21. Qe2 Ned7 22. f4 Bf8 23. Bf3 Qb4 24. Qf2 Qc5 25. Qh4 Kh8 26. Rg2 Qe3 27. Rd3 Qb6 28. Rd1 Qe3 29. Rd3 Qc5 30. Rd1 Be7 31. Rdg1 Rg8 32. Ne2 Rde8 33. e5 dxe5 34. fxe5 Nxe5 35. Be4 Nxe4 36. Qxe4 Bf6 37. Qf4 Qxc2 38. Ng3 Nd3 0-1